Priznanie k dani z príjmov právnickej osoby

Zmeny v zákone o dani z príjmov v roku 2017. Zmeny v tlačive daňového priznania. Kto podáva daňové priznanie. Spôsob podania daňového priznania. Platenie dane. Príklad na vyplnenie daňového priznania s výkladom k jednotlivým riadkom daňového priznania.

Saved in:
Bibliographic Details
Main Author: Bielená, Jana
Format: Book Chapter
Language:Slovak
Subjects:
Tags: Add Tag
No Tags, Be the first to tag this record!

MARC

LEADER 00000naa a2200000 4500
001 0240321
005 20180219101203.2
041 0 |a slo 
044 |a SK 
245 1 0 |a Priznanie k dani z príjmov právnickej osoby  |c Jana Bielená 
520 |a Zmeny v zákone o dani z príjmov v roku 2017. Zmeny v tlačive daňového priznania. Kto podáva daňové priznanie. Spôsob podania daňového priznania. Platenie dane. Príklad na vyplnenie daňového priznania s výkladom k jednotlivým riadkom daňového priznania. 
610 2 0 |a dane z príjmov 
610 2 0 |a priznania daňové 
610 2 0 |a legislatíva 
610 2 0 |a osoby právnické 
100 1 |a Bielená, Jana